Faculty of Law Library — Cairo University

Official Online Catalog

التنظيم القانونى للامر الجزائى فى القانون الاماراتى : (Record no. 53905)

MARC details
000 -LEADER
fixed length control field 02133nam a2200445 i 4500
003 - CONTROL NUMBER IDENTIFIER
control field EG-GICUC
005 - أخر تعامل مع التسجيلة
control field 20260121101636.0
008 - FIXED-LENGTH DATA ELEMENTS--GENERAL INFORMATION
fixed length control field 260101s2025 ua ||||f m||| 00| 0 ara d
040 ## - CATALOGING SOURCE
Original cataloguing agency EG-GICUC
Transcribing agency EG-GICUC
Modifying agency EG-GICUC
Description conventions rda
Language of cataloging: ara
041 0# - LANGUAGE CODE
Language code of text/sound track or separate title ara
049 ## - Acquisition Source
Acquisition Source إيداع
082 04 - DEWEY DECIMAL CLASSIFICATION NUMBER
Classification number 343.16
Edition number 21
097 ## - Degree
Degree Ph.D
099 ## - LOCAL FREE-TEXT CALL NUMBER (OCLC)
Local Call Number Law 10 PHD 2025
100 0# - MAIN ENTRY--PERSONAL NAME
Authority record control number or standard number جاسم هيكل عبدالرحمن البلوشي
Preparation مؤلف.
245 10 - TITLE STATEMENT
Title التنظيم القانونى للامر الجزائى فى القانون الاماراتى :
Remainder of title دراسة تحليلية مقارنة /
Statement of responsibility, etc. إعداد جاسم هيكل عبدالرحمن البلوشي ؛ اشراف احمد عوض بلال , عمر محمد سالم , محمد الدسوقي الشهاوي .
264 #0 - PRODUCTION, PUBLICATION, DISTRIBUTION, MANUFACTURE, AND COPYRIGHT NOTICE
Place of production, publication, distribution, manufacture القاهرة:
Name of producer, publisher, distributor, manufacturer كلية الحقوق-جامعة القاهرة،
Date of production, publication, distribution, manufacture, or copyright notice 2025.
300 ## - PHYSICAL DESCRIPTION
Extent 353 صفحة؛
Dimensions 24 سم
Other physical details illustrations ; إيضاحيات ؛
Accompanying material CD.
336 ## - CONTENT TYPE
Content type term text
Source rda content
337 ## - MEDIA TYPE
Media type term Computer
Source rda media
338 ## - CARRIER TYPE
Carrier type term Online Resource
Source rda carrier
502 ## - DISSERTATION NOTE
Dissertation note اطروحة (دكتوراة) - جامعة القاهرة، كلية الحقوق. قسم القانون الجنائي 2025
504 ## - BIBLIOGRAPHY, ETC. NOTE
Bibliography, etc. note ببليوجرافيا: صفحات 341-349
546 ## - LANGUAGE NOTE
Text Language الملخص باللغة العربية
650 07 - SUBJECT ADDED ENTRY--TOPICAL TERM
Topical term or geographic name entry element الجزاء الجنائي
Source of heading or term qrmak
Geographic subdivision الامارات
653 #0 - INDEX TERM--UNCONTROLLED
Uncontrolled term تنظيم قانوني
653 #0 - INDEX TERM--UNCONTROLLED
Uncontrolled term الامر الجزائي
653 #0 - INDEX TERM--UNCONTROLLED
Uncontrolled term التشريع المقارن
653 #0 - INDEX TERM--UNCONTROLLED
Uncontrolled term السلطة المختصة
653 #0 - INDEX TERM--UNCONTROLLED
Uncontrolled term شفوية المحاكم
655 #4 - INDEX TERM--GENRE/FORM
Genre/form data or focus term رسائل جامعية
Geographic subdivision جامعة القاهرة
700 0# - ADDED ENTRY--PERSONAL NAME
Personal name احمد عوض بلال
Relator term مشرف.
700 0# - ADDED ENTRY--PERSONAL NAME
Personal name عمر محمد سالم
Relator term مشرف مشارك
700 0# - ADDED ENTRY--PERSONAL NAME
Personal name محمد الدسوقي الشهاوي
Relator term مشرف مشارك
710 2# - ADDED ENTRY--CORPORATE NAME
Corporate name or jurisdiction name as entry element جامعة القاهرة
Subordinate unit كلية الحقوق
856 ## - ELECTRONIC LOCATION AND ACCESS
Uniform Resource Identifier <a href="https://fll.law.cu.edu.eg/fulltext/th/T10-04276.pdf">https://fll.law.cu.edu.eg/fulltext/th/T10-04276.pdf</a>
900 ## - Thesis Information
Grant date 1938
Universities جامعة القاهرة
Faculties كلية الحقوق
Department قسم القانون الاداري
905 ## - Cataloger and Reviser Names
Cataloger Name: Mohammed Tarek
942 ## - ADDED ENTRY ELEMENTS (KOHA)
Source of classification or shelving scheme Dewey Decimal Classification
Koha item type Thesis
Edition 21
Suppress in OPAC No
Holdings
Source of classification or shelving scheme Collection Home library Current library Date acquired Full call number Barcode Date last seen Copy number Effective from Koha item type
Dewey Decimal Classification القانون الجنائي جــــامعة القــاهرة مكتبة كلية الحقوق - المبنى الرئيسي 01.01.2026 Law1 10 PHD 2025 1004276 C1 T10-04276 01.01.2026 1 01.01.2026 Thesis
Dewey Decimal Classification القانون الجنائي جــــامعة القــاهرة مكتبة كلية الحقوق - المبنى الرئيسي 01.01.2026 Law1 10 PHD 2025 1004277 C2 T10-04277 01.01.2026 2 01.01.2026 Thesis
Dewey Decimal Classification القانون الجنائي جــــامعة القــاهرة مكتبة كلية الحقوق - فـرع الشيخ زايد 01.01.2026 Law2 10 PHD 2025 1004278 C3 T10-04278 01.01.2026 3 01.01.2026 Thesis

© All rights reserved — Faculty of Law, Cairo University